| 000 | 00799nam a22002057a 4500 | ||
|---|---|---|---|
| 999 |
_c13147 _d13147 |
||
| 003 | AR-CdUCM | ||
| 008 | 190411b ||||| |||| 00| 0 spa d | ||
| 040 |
_aMUNICIPALIDAD PROVINCIAL DEL CUSCO _cBIBLIOTECA MUNICIPAL DEL CUSCO |
||
| 082 |
_a635.3 / _bV28 / 1936 |
||
| 100 |
_aVargas C., César _931325 |
||
| 245 |
_aEl solanum teberosum / _ba través del desenvolvimiento de las actividades humanas (contribución al estudio de la planta nacional) / |
||
| 260 |
_aPerú : _c1936. |
||
| 300 |
_a73 páginas ; _bFotografías, _c23 cm. |
||
| 505 | _aContenido: Aspecto histórico -- Aspecto científico -- Aspecto especulativo -- Conclusiones. | ||
| 650 |
_aFlora peruana _919911 |
||
| 650 |
_aFlora cusqueña _931363 |
||
| 650 |
_aHistoria _9246 |
||
| 942 |
_2ddc _cTESIS |
||
| 945 |
_adavv _d11/04/2019 |
||